El derecho como integridad / por Albert Calsamiglia
Descripción Física:
33 p. ; 21 cm
MARC
| LEADER | 00000nam a2200000Ia 4500 | ||
|---|---|---|---|
| 001 | 16392 | ||
| 008 | 160829s1990 xx 000 0 cat d | ||
| 080 | |a FU-43-19 | ||
| 100 | |a Calsamiglia, Albert |9 24092 | ||
| 245 | |a El derecho como integridad / por Albert Calsamiglia | ||
| 260 | |a Barcelona : |b Institut de Ciències Polítiques i Socials, |c 1990 | ||
| 300 | |a 33 p. ; |c 21 cm | ||
| 490 | |a Working papers / Institut de Ciències Polítiques i Socials ; 25 | ||
| 590 | |a Notes | ||
| 650 | 0 | |a Dret |x Filosofia |9 29064 | |
| 650 | |a Dworkin, Ronald |9 24094 | ||
| 710 | 2 | |a Institut de Ciències Polítiques i Socials (Barcelona, Catalunya) |9 55871 | |
| 901 | |a Arxiu | ||
| 942 | |n 1 | ||
| 952 | |0 0 |1 0 |4 0 |6 FU4319 |7 1 |9 42975 |a Arxiu |b Arxiu |d 2016-12-01 |l 0 |o FU-43-19 |p 16392 |r 2016-12-01 00:00:00 |w 2016-12-01 |y ARXIU | ||
| 999 | |c 45518 |d 45518 | ||